[Event "FIDE World Cup 2025"]
[Site "Goa, India"]
[Date "2025.11.03"]
[Round "3.1"]
[White "Jobava, Baadur"]
[Black "Cardoso Cardoso, Jose Gabriel"]
[Result "1/2-1/2"]
[TimeControl ": 90 minutes for the first 40 moves, followed by 30 minutes for the rest of the gamewith an increment of 30 seconds per move starting from move 1"]
[WhiteFideId "13601520"]
[BlackFideId "4430492"]
[WhiteElo "2590"]
[BlackElo "2518"]

1. e4 {[%clk 00:15:14]} {[%emt 00:00:06]} c5 {[%clk 00:15:18]} {[%emt
00:00:02]} 2. Nf3 {[%clk 00:15:20]} {[%emt 00:00:04]} d6 {[%clk 00:15:24]}
{[%emt 00:00:04]} 3. d4 {[%clk 00:15:28]} {[%emt 00:00:02]} cxd4 {[%clk
00:15:30]} {[%emt 00:00:03]} 4. Nxd4 {[%clk 00:15:36]} {[%emt 00:00:02]} Nf6
{[%clk 00:15:37]} {[%emt 00:00:03]} 5. Nc3 {[%clk 00:15:44]} {[%emt 00:00:02]}
a6 {[%clk 00:15:45]} {[%emt 00:00:02]} 6. g3 {[%clk 00:15:52]} {[%emt
00:00:02]} e5 {[%clk 00:15:50]} {[%emt 00:00:05]} 7. Nf5 {[%clk 00:16:00]}
{[%emt 00:00:02]} d5 {[%clk 00:15:56]} {[%emt 00:00:05]} 8. Bg2 {[%clk
00:16:09]} {[%emt 00:00:01]} d4 {[%clk 00:15:50]} {[%emt 00:00:16]} 9. Ne2
{[%clk 00:16:17]} {[%emt 00:00:01]} g6 {[%clk 00:15:58]} {[%emt 00:00:02]} 10.
Nh6 {[%clk 00:16:26]} {[%emt 00:00:01]} Ng4 {[%clk 00:16:06]} {[%emt 00:00:02]}
11. Nxg4 {[%clk 00:16:34]} {[%emt 00:00:02]} Bxg4 {[%clk 00:16:13]} {[%emt
00:00:03]} 12. O-O {[%clk 00:16:42]} {[%emt 00:00:02]} Nc6 {[%clk 00:15:18]}
{[%emt 00:01:06]} 13. h3 {[%clk 00:16:49]} {[%emt 00:00:02]} Be6 {[%clk
00:15:21]} {[%emt 00:00:07]} 14. f4 {[%clk 00:16:56]} {[%emt 00:00:03]} Be7
{[%clk 00:13:12]} {[%emt 00:02:19]} 15. f5 {[%clk 00:16:33]} {[%emt 00:00:33]}
Bc4 {[%clk 00:12:33]} {[%emt 00:00:49]} 16. b3 {[%clk 00:16:15]} {[%emt
00:00:28]} Bxe2 {[%clk 00:08:48]} {[%emt 00:03:55]} 17. Qxe2 {[%clk 00:16:23]}
{[%emt 00:00:02]} Bg5 {[%clk 00:08:14]} {[%emt 00:00:43]} 18. h4 {[%clk
00:14:42]} {[%emt 00:01:51]} Bxc1 {[%clk 00:07:53]} {[%emt 00:00:32]} 19. Raxc1
{[%clk 00:14:51]} {[%emt 00:00:02]} g5 {[%clk 00:06:40]} {[%emt 00:01:22]} 20.
f6 {[%clk 00:14:35]} {[%emt 00:00:25]} gxh4 {[%clk 00:06:38]} {[%emt 00:00:13]}
21. gxh4 {[%clk 00:14:32]} {[%emt 00:00:13]} Qb6 {[%clk 00:05:33]} {[%emt
00:01:15]} 22. Qh5 {[%clk 00:10:42]} {[%emt 00:04:00]} O-O-O {[%clk 00:05:15]}
{[%emt 00:00:28]} 23. Qxf7 {[%clk 00:09:32]} {[%emt 00:01:21]} d3+ {[%clk
00:04:12]} {[%emt 00:01:12]} 24. Kh2 {[%clk 00:09:40]} {[%emt 00:00:02]} d2
{[%clk 00:03:44]} {[%emt 00:00:38]} 25. Rcd1 {[%clk 00:09:38]} {[%emt
00:00:12]} Qe3 {[%clk 00:03:06]} {[%emt 00:00:49]} 26. Qh5 {[%clk 00:08:06]}
{[%emt 00:01:42]} Rhg8 {[%clk 00:02:18]} {[%emt 00:00:58]} 27. Qf3 {[%clk
00:08:03]} {[%emt 00:00:13]} Qh6 {[%clk 00:02:09]} {[%emt 00:00:19]} 28. f7
{[%clk 00:03:46]} {[%emt 00:04:27]} Rgf8 {[%clk 00:02:15]} {[%emt 00:00:04]} 29.
c3 {[%clk 00:02:55]} {[%emt 00:01:02]} Kb8 {[%clk 00:02:05]} {[%emt 00:00:19]}
30. Qg3 {[%clk 00:02:01]} {[%emt 00:01:04]} Rd7 {[%clk 00:01:44]} {[%emt
00:00:31]} 31. Rf2 {[%clk 00:01:16]} {[%emt 00:00:55]} Rdxf7 {[%clk 00:01:17]}
{[%emt 00:00:37]} 32. Rdxd2 {[%clk 00:01:15]} {[%emt 00:00:11]} Rf4 {[%clk
00:01:20]} {[%emt 00:00:07]} 33. Kg1 {[%clk 00:01:12]} {[%emt 00:00:13]} Rxf2
{[%clk 00:00:56]} {[%emt 00:00:34]} 34. Rxf2 {[%clk 00:01:21]} {[%emt
00:00:01]} Rxf2 {[%clk 00:01:01]} {[%emt 00:00:05]} 35. Qxf2 {[%clk 00:00:35]}
{[%emt 00:00:56]} Qc1+ {[%clk 00:01:09]} {[%emt 00:00:02]} 36. Kh2 {[%clk
00:00:44]} {[%emt 00:00:01]} Qxc3 {[%clk 00:01:10]} {[%emt 00:00:08]} 37. h5
{[%clk 00:00:50]} {[%emt 00:00:04]} Qc1 {[%clk 00:00:55]} {[%emt 00:00:25]} 38.
Qf6 {[%clk 00:00:16]} {[%emt 00:00:44]} h6 {[%clk 00:00:51]} {[%emt 00:00:14]}
39. Qf8+ {[%clk 00:00:14]} {[%emt 00:00:12]} Ka7 {[%clk 00:00:56]} {[%emt
00:00:04]} 40. Qf2+ {[%clk 00:00:20]} {[%emt 00:00:04]} Nd4 {[%clk 00:00:57]}
{[%emt 00:00:09]} 41. Qf6 {[%clk 00:00:28]} {[%emt 00:00:01]} Nc6 {[%clk
00:00:39]} {[%emt 00:00:29]} 42. Qf2+ {[%clk 00:00:27]} {[%emt 00:00:11]} Nd4
{[%clk 00:00:48]} {[%emt 00:00:01]} 43. Qf6 {[%clk 00:00:36]} {[%emt 00:00:01]}
Qe1 {[%clk 00:00:26]} {[%emt 00:00:31]} 44. Qxe5 {[%clk 00:00:26]} {[%emt
00:00:20]} Qh4+ {[%clk 00:00:31]} {[%emt 00:00:04]} 45. Kg1 {[%clk 00:00:35]}
{[%emt 00:00:01]} Qe1+ {[%clk 00:00:23]} {[%emt 00:00:17]} 46. Kh2 {[%clk
00:00:44]} {[%emt 00:00:02]} Qh4+ {[%clk 00:00:30]} {[%emt 00:00:04]} 47. Kg1
{[%clk 00:00:52]} {[%emt 00:00:01]} Qe1+ {[%clk 00:00:23]} {[%emt 00:00:17]}
1/2-1/2

[Event "FIDE World Cup 2025"]
[Site "Goa, India"]
[Date "2025.11.03"]
[Round "3.2"]
[White "Ghosh, Diptayan"]
[Black "Peng, Xiongjian"]
[Result "1-0"]
[TimeControl ": 90 minutes for the first 40 moves, followed by 30 minutes for the rest of the gamewith an increment of 30 seconds per move starting from move 1"]
[WhiteFideId "5045207"]
[BlackFideId "8610550"]
[WhiteElo "2573"]
[BlackElo "2521"]

1. c4 {[%clk 00:15:18]} {[%emt 00:00:02]} c5 {[%clk 00:15:18]} {[%emt
00:00:03]} 2. Nf3 {[%clk 00:15:26]} {[%emt 00:00:02]} Nc6 {[%clk 00:15:25]}
{[%emt 00:00:02]} 3. d4 {[%clk 00:15:34]} {[%emt 00:00:01]} cxd4 {[%clk
00:15:33]} {[%emt 00:00:03]} 4. Nxd4 {[%clk 00:15:43]} {[%emt 00:00:01]} g6
{[%clk 00:15:38]} {[%emt 00:00:06]} 5. e4 {[%clk 00:15:49]} {[%emt 00:00:03]}
Nf6 {[%clk 00:15:33]} {[%emt 00:00:15]} 6. Nc3 {[%clk 00:15:57]} {[%emt
00:00:02]} d6 {[%clk 00:15:39]} {[%emt 00:00:04]} 7. Be2 {[%clk 00:16:04]}
{[%emt 00:00:03]} Nxd4 {[%clk 00:15:43]} {[%emt 00:00:06]} 8. Qxd4 {[%clk
00:16:12]} {[%emt 00:00:02]} Bg7 {[%clk 00:15:50]} {[%emt 00:00:02]} 9. O-O
{[%clk 00:16:19]} {[%emt 00:00:03]} O-O {[%clk 00:15:58]} {[%emt 00:00:03]} 10.
Bg5 {[%clk 00:16:24]} {[%emt 00:00:05]} Be6 {[%clk 00:14:05]} {[%emt 00:02:03]}
11. Qd2 {[%clk 00:16:10]} {[%emt 00:00:24]} a6 {[%clk 00:13:36]} {[%emt
00:00:39]} 12. b3 {[%clk 00:12:36]} {[%emt 00:03:44]} Qa5 {[%clk 00:13:44]}
{[%emt 00:00:02]} 13. Rab1 {[%clk 00:12:02]} {[%emt 00:00:44]} Rfc8 {[%clk
00:13:31]} {[%emt 00:00:23]} 14. Rfc1 {[%clk 00:11:59]} {[%emt 00:00:13]} b5
{[%clk 00:12:25]} {[%emt 00:01:17]} 15. b4 {[%clk 00:10:29]} {[%emt 00:01:40]}
Qd8 {[%clk 00:11:55]} {[%emt 00:00:40]} 16. c5 {[%clk 00:05:01]} {[%emt
00:05:38]} dxc5 {[%clk 00:11:56]} {[%emt 00:00:09]} 17. Qxd8+ {[%clk 00:05:09]}
{[%emt 00:00:02]} Rxd8 {[%clk 00:12:05]} {[%emt 00:00:02]} 18. bxc5 {[%clk
00:05:18]} {[%emt 00:00:02]} h6 {[%clk 00:11:30]} {[%emt 00:00:42]} 19. Be3
{[%clk 00:05:20]} {[%emt 00:00:09]} Ng4 {[%clk 00:10:55]} {[%emt 00:00:45]} 20.
Bxg4 {[%clk 00:05:21]} {[%emt 00:00:09]} Bxg4 {[%clk 00:11:04]} {[%emt
00:00:02]} 21. Nd5 {[%clk 00:05:18]} {[%emt 00:00:13]} Be6 {[%clk 00:10:04]}
{[%emt 00:01:10]} 22. Rd1 {[%clk 00:04:54]} {[%emt 00:00:34]} Kf8 {[%clk
00:08:57]} {[%emt 00:01:17]} 23. a3 {[%clk 00:04:53]} {[%emt 00:00:10]} Bxd5
{[%clk 00:08:24]} {[%emt 00:00:42]} 24. exd5 {[%clk 00:05:02]} {[%emt
00:00:02]} Rac8 {[%clk 00:08:33]} {[%emt 00:00:02]} 25. Kf1 {[%clk 00:04:50]}
{[%emt 00:00:21]} Ke8 {[%clk 00:06:57]} {[%emt 00:01:46]} 26. Ke2 {[%clk
00:04:52]} {[%emt 00:00:08]} e6 {[%clk 00:07:04]} {[%emt 00:00:04]} 27. d6
{[%clk 00:03:39]} {[%emt 00:01:23]} Kd7 {[%clk 00:07:13]} {[%emt 00:00:02]} 28.
Rb3 {[%clk 00:03:38]} {[%emt 00:00:11]} Kc6 {[%clk 00:07:10]} {[%emt 00:00:13]}
29. Rdb1 {[%clk 00:03:30]} {[%emt 00:00:17]} Rb8 {[%clk 00:06:47]} {[%emt
00:00:32]} 30. Kd3 {[%clk 00:03:27]} {[%emt 00:00:13]} Rd7 {[%clk 00:06:50]}
{[%emt 00:00:07]} 31. Bd4 {[%clk 00:02:36]} {[%emt 00:01:01]} e5 {[%clk
00:05:50]} {[%emt 00:01:11]} 32. Be3 {[%clk 00:02:46]} h5 {[%clk 00:05:51]}
{[%emt 00:00:09]} 33. f3 {[%clk 00:02:51]} {[%emt 00:00:05]} a5 {[%clk
00:05:28]} {[%emt 00:00:34]} 34. Rc1 {[%clk 00:02:46]} {[%emt 00:00:14]} Rdb7
{[%clk 00:05:26]} {[%emt 00:00:11]} 35. Bd2 {[%clk 00:02:52]} {[%emt 00:00:05]}
Ra8 {[%clk 00:05:27]} {[%emt 00:00:10]} 36. a4 {[%clk 00:02:48]} {[%emt
00:00:13]} b4 {[%clk 00:04:20]} {[%emt 00:01:16]} 37. Kc4 {[%clk 00:02:57]} Re8
{[%clk 00:04:01]} {[%emt 00:00:29]} 38. Re1 {[%clk 00:02:58]} {[%emt 00:00:09]}
f5 {[%clk 00:03:54]} {[%emt 00:00:17]} 39. Bg5 {[%clk 00:02:55]} {[%emt
00:00:13]} Re6 {[%clk 00:03:28]} {[%emt 00:00:36]} 40. Bd8 {[%clk 00:02:27]}
{[%emt 00:00:38]} Ra7 {[%clk 00:03:25]} {[%emt 00:00:13]} 41. Bb6 {[%clk
00:02:16]} {[%emt 00:00:21]} Ra8 {[%clk 00:03:34]} 42. Rd1 {[%clk 00:02:13]}
{[%emt 00:00:13]} Bf6 {[%clk 00:03:43]} {[%emt 00:00:01]} 43. Re3 {[%clk
00:02:14]} {[%emt 00:00:09]} Bg5 {[%clk 00:02:52]} {[%emt 00:01:01]} 44. Re2
{[%clk 00:02:21]} {[%emt 00:00:02]} e4 {[%clk 00:02:41]} {[%emt 00:00:22]} 45.
fxe4 {[%clk 00:02:04]} {[%emt 00:00:27]} fxe4 {[%clk 00:02:38]} {[%emt
00:00:12]} 46. Rd5 {[%clk 00:01:35]} {[%emt 00:00:38]} Bd8 {[%clk 00:02:19]}
{[%emt 00:00:30]} 47. Bxd8 {[%clk 00:01:37]} {[%emt 00:00:09]} Rxd8 {[%clk
00:02:27]} {[%emt 00:00:02]} 48. Re3 {[%clk 00:01:41]} {[%emt 00:00:06]} Rf8
{[%clk 00:02:20]} {[%emt 00:00:18]} 49. d7 {[%clk 00:01:12]} {[%emt 00:00:38]}
Rd8 {[%clk 00:02:23]} {[%emt 00:00:06]} 50. Rd4 {[%clk 00:01:19]} {[%emt
00:00:03]} Rxd7 {[%clk 00:01:42]} {[%emt 00:00:51]} 51. Rdxe4 {[%clk 00:01:27]}
{[%emt 00:00:03]} Rxe4+ {[%clk 00:01:45]} {[%emt 00:00:07]} 52. Rxe4 {[%clk
00:01:36]} Rd2 {[%clk 00:01:34]} {[%emt 00:00:20]} 53. Re6+ {[%clk 00:01:37]}
{[%emt 00:00:09]} Kd7 {[%clk 00:01:42]} {[%emt 00:00:02]} 54. Rxg6 {[%clk
00:01:39]} {[%emt 00:00:08]} Rc2+ {[%clk 00:01:51]} {[%emt 00:00:02]} 55. Kb5
{[%clk 00:01:32]} {[%emt 00:00:17]} b3 {[%clk 00:02:00]} {[%emt 00:00:01]} 56.
Rg7+ {[%clk 00:01:36]} {[%emt 00:00:06]} Ke6 {[%clk 00:02:03]} {[%emt
00:00:07]} 57. Rb7 {[%clk 00:01:25]} {[%emt 00:00:21]} b2 {[%clk 00:01:53]}
{[%emt 00:00:20]} 58. Kc6 {[%clk 00:01:33]} {[%emt 00:00:01]} Rxg2 {[%clk
00:01:58]} {[%emt 00:00:05]} 59. h4 {[%clk 00:01:40]} {[%emt 00:00:03]} Ke5
{[%clk 00:01:50]} {[%emt 00:00:19]} 60. Rb5 {[%clk 00:01:43]} {[%emt 00:00:07]}
Kd4 {[%clk 00:01:46]} {[%emt 00:00:14]} 61. Kb6 {[%clk 00:01:45]} {[%emt
00:00:08]} Kc3 {[%clk 00:01:37]} {[%emt 00:00:19]} 62. c6 {[%clk 00:01:54]}
{[%emt 00:00:02]} Rg8 {[%clk 00:01:09]} {[%emt 00:00:37]} 63. c7 {[%clk
00:01:41]} {[%emt 00:00:24]} Kc2 {[%clk 00:01:16]} {[%emt 00:00:02]} 64. Kxa5
{[%clk 00:01:28]} {[%emt 00:00:23]} b1=Q {[%emt 00:00:55]} 65. Rxb1 {[%clk
00:01:37]} Kxb1 {[%clk 00:00:37]} {[%emt 00:00:04]} 66. Kb6 {[%clk 00:01:44]}
{[%emt 00:00:03]} Kb2 {[%clk 00:00:39]} {[%emt 00:00:08]} 67. a5 {[%clk
00:01:38]} {[%emt 00:00:16]} Kc3 {[%clk 00:00:27]} {[%emt 00:00:21]} 68. Kb7
{[%clk 00:01:39]} {[%emt 00:00:09]} Kb4 {[%clk 00:00:32]} {[%emt 00:00:05]} 69.
a6 {[%clk 00:01:46]} {[%emt 00:00:04]} Kb5 {[%clk 00:00:13]} {[%emt 00:00:29]}
70. a7 {[%clk 00:01:54]} {[%emt 00:00:02]} 1-0

[Event "FIDE World Cup 2025"]
[Site "Goa, India"]
[Date "2025.11.03"]
[Round "3.3"]
[White "Makhnev, Denis"]
[Black "Flores, Diego"]
[Result "1-0"]
[TimeControl ": 90 minutes for the first 40 moves, followed by 30 minutes for the rest of the gamewith an increment of 30 seconds per move starting from move 1"]
[WhiteFideId "13707647"]
[BlackFideId "108049"]
[WhiteElo "2525"]
[BlackElo "2558"]

1. d4 {[%clk 00:15:16]} {[%emt 00:00:02]} Nf6 {[%clk 00:15:15]} {[%emt
00:00:07]} 2. c4 {[%clk 00:15:22]} {[%emt 00:00:02]} g6 {[%clk 00:15:22]}
{[%emt 00:00:04]} 3. Nc3 {[%clk 00:15:26]} {[%emt 00:00:07]} Bg7 {[%clk
00:15:29]} {[%emt 00:00:03]} 4. e4 {[%clk 00:15:29]} {[%emt 00:00:07]} d6
{[%clk 00:15:34]} {[%emt 00:00:05]} 5. Bd3 {[%clk 00:15:27]} {[%emt 00:00:12]}
O-O {[%clk 00:15:27]} {[%emt 00:00:17]} 6. Nge2 {[%clk 00:15:34]} {[%emt
00:00:03]} Nc6 {[%clk 00:15:26]} {[%emt 00:00:11]} 7. O-O {[%clk 00:15:40]}
{[%emt 00:00:04]} Nd7 {[%clk 00:15:15]} {[%emt 00:00:21]} 8. Bc2 {[%clk
00:13:59]} {[%emt 00:01:50]} e5 {[%clk 00:14:52]} {[%emt 00:00:34]} 9. d5
{[%clk 00:14:05]} {[%emt 00:00:04]} Nd4 {[%clk 00:14:56]} {[%emt 00:00:06]} 10.
Nxd4 {[%clk 00:14:13]} {[%emt 00:00:02]} exd4 {[%clk 00:15:04]} {[%emt
00:00:02]} 11. Nb5 {[%clk 00:14:20]} {[%emt 00:00:02]} Qf6 {[%clk 00:15:06]}
{[%emt 00:00:07]} 12. Nxc7 {[%clk 00:14:14]} {[%emt 00:00:17]} Rb8 {[%clk
00:15:15]} {[%emt 00:00:01]} 13. Nb5 {[%clk 00:14:14]} {[%emt 00:00:10]} a6
{[%clk 00:15:09]} {[%emt 00:00:16]} 14. Na3 {[%clk 00:13:39]} {[%emt 00:00:44]}
b5 {[%clk 00:14:20]} {[%emt 00:00:59]} 15. Bd3 {[%clk 00:13:12]} {[%emt
00:00:37]} bxc4 {[%clk 00:11:32]} {[%emt 00:02:59]} 16. Nxc4 {[%clk 00:13:19]}
{[%emt 00:00:02]} Nc5 {[%clk 00:11:40]} {[%emt 00:00:02]} 17. b3 {[%clk
00:12:44]} {[%emt 00:00:43]} Bd7 {[%clk 00:11:05]} {[%emt 00:00:47]} 18. Ba3
{[%clk 00:12:02]} {[%emt 00:00:52]} Rfc8 {[%clk 00:11:06]} {[%emt 00:00:09]} 19.
f4 {[%clk 00:10:53]} {[%emt 00:01:19]} Bb5 {[%clk 00:10:05]} {[%emt 00:01:12]}
20. Rc1 {[%clk 00:10:29]} {[%emt 00:00:34]} Qe7 {[%clk 00:09:00]} {[%emt
00:01:15]} 21. Qf3 {[%clk 00:10:16]} {[%emt 00:00:22]} Qd7 {[%clk 00:07:42]}
{[%emt 00:01:28]} 22. Rfd1 {[%clk 00:09:38]} {[%emt 00:00:49]} a5 {[%clk
00:06:19]} {[%emt 00:01:34]} 23. Bxc5 {[%clk 00:05:35]} {[%emt 00:04:13]} Rxc5
{[%clk 00:06:25]} {[%emt 00:00:03]} 24. a4 {[%clk 00:05:39]} {[%emt 00:00:07]}
Bxc4 {[%clk 00:05:34]} {[%emt 00:01:01]} 25. Bxc4 {[%clk 00:05:45]} {[%emt
00:00:03]} Qc7 {[%clk 00:05:15]} {[%emt 00:00:29]} 26. h4 {[%clk 00:05:39]}
{[%emt 00:00:16]} h5 {[%clk 00:05:01]} {[%emt 00:00:24]} 27. Rf1 {[%clk
00:05:36]} {[%emt 00:00:13]} Kh7 {[%clk 00:03:35]} {[%emt 00:01:37]} 28. g3
{[%clk 00:03:41]} {[%emt 00:02:05]} Re8 {[%clk 00:01:39]} {[%emt 00:02:05]} 29.
Kg2 {[%clk 00:03:45]} {[%emt 00:00:07]} Qc8 {[%clk 00:01:29]} {[%emt 00:00:20]}
30. Rc2 {[%clk 00:02:33]} {[%emt 00:01:22]} Re7 {[%clk 00:00:37]} {[%emt
00:01:01]} 31. Rff2 {[%clk 00:02:11]} {[%emt 00:00:32]} Rcc7 {[%clk 00:00:12]}
{[%emt 00:00:36]} 32. e5 {[%clk 00:01:12]} {[%emt 00:01:08]} dxe5 {[%clk
00:00:21]} 33. d6 {[%clk 00:01:22]} e4 {[%clk 00:00:30]} {[%emt 00:00:01]} 34.
Qd1 {[%clk 00:01:30]} {[%emt 00:00:01]} d3 {[%clk 00:00:20]} {[%emt 00:00:20]}
35. Bxd3 {[%clk 00:01:31]} {[%emt 00:00:09]} exd3 {[%clk 00:00:23]} {[%emt
00:00:07]} 36. Rxc7 {[%clk 00:01:39]} {[%emt 00:00:02]} Rxc7 {[%clk 00:00:11]}
{[%emt 00:00:22]} 37. dxc7 {[%clk 00:01:47]} {[%emt 00:00:02]} Qxc7 {[%clk
00:00:14]} {[%emt 00:00:07]} 38. Qxd3 {[%clk 00:01:54]} {[%emt 00:00:03]} Qc6+
{[%clk 00:00:12]} {[%emt 00:00:12]} 39. Qf3 {[%clk 00:02:01]} {[%emt 00:00:02]}
Qc5 {[%clk 00:00:19]} {[%emt 00:00:03]} 40. f5 {[%clk 00:02:06]} {[%emt
00:00:05]} Bd4 {[%clk 00:00:20]} {[%emt 00:00:09]} 41. fxg6+ {[%clk 00:02:15]}
{[%emt 00:00:01]} fxg6 {[%clk 00:00:29]} {[%emt 00:00:01]} 42. Qf7+ {[%clk
00:02:17]} {[%emt 00:00:08]} Bg7 {[%clk 00:00:36]} {[%emt 00:00:03]} 43. Re2
{[%clk 00:02:08]} {[%emt 00:00:19]} Qc6+ {[%clk 00:00:37]} {[%emt 00:00:10]} 44.
Kh2 {[%clk 00:02:16]} {[%emt 00:00:01]} Kh6 {[%clk 00:00:25]} {[%emt 00:00:21]}
45. Re7 {[%clk 00:02:13]} {[%emt 00:00:13]} Qc2+ {[%clk 00:00:19]} {[%emt
00:00:16]} 46. Kh3 {[%clk 00:02:21]} {[%emt 00:00:03]} Qc8+ {[%clk 00:00:16]}
{[%emt 00:00:13]} 47. Rd7 {[%clk 00:01:55]} {[%emt 00:00:36]} Qc3 {[%clk
00:00:24]} {[%emt 00:00:02]} 48. Qxg7+ {[%clk 00:01:08]} {[%emt 00:00:56]} Qxg7
{[%clk 00:00:32]} {[%emt 00:00:01]} 49. Rxg7 {[%clk 00:01:17]} {[%emt
00:00:02]} Kxg7 {[%clk 00:00:41]} 50. Kg2 {[%clk 00:01:26]} {[%emt 00:00:02]}
Kf6 {[%clk 00:00:49]} {[%emt 00:00:01]} 51. Kf3 {[%clk 00:01:35]} {[%emt
00:00:02]} Kf5 {[%clk 00:00:44]} {[%emt 00:00:15]} 52. Ke3 {[%clk 00:01:42]}
{[%emt 00:00:03]} Ke5 {[%clk 00:00:53]} 53. Kd3 {[%clk 00:01:47]} {[%emt
00:00:04]} Kd5 {[%clk 00:01:03]} 54. Kc3 {[%clk 00:01:56]} {[%emt 00:00:01]}
Kc5 {[%clk 00:01:12]} 55. b4+ {[%clk 00:02:04]} {[%emt 00:00:02]} 1-0